000 00489nam a2200169Ia 4500
003 LK-CoDNM
008 010623t xxu||||| |||| 00| 1 sin d
040 _aLK-CoDNM
_dLK-CoDNM
_eLK-CoDNM
041 _asin
080 _a22/28 SAD
245 _aසදාකාල ජීවිතයට මඟ පෙන්වන සත්
246 _aSadaakaala Geevitayata Maga Penvana Sathya
260 _bWatch Tower Bible
_aColombo
300 _b191p., 18 cm
650 _aChristinity
942 _cBK
999 _c141534
_d141534